000 00329nam a2200097Ia 4500
008 241105s9999 xx 000 0 und d
041 _aeng
100 _aSupariwala Rushika
_9184206
245 _aIn Between The Sea And The Land : Reimagining The Coastal Edge Of Surat City
260 _bBNCA M Arch Landscape Architecture, Pune
_c2021
999 _c362049
_d362049